Úvod do filozofie

Gespeichert in:
Bibliographische Detailangaben
1. Verfasser: Anzenbacher, Arno
Weitere Verfasser: Šprunk, Karel
Format: Buch
Sprache:Tschechisch
Veröffentlicht: Praha Stát. ped. nakl. 1991
Ausgabe:2. vyd.
Schlagworte:
Tags: Tag hinzufügen
Keine Tags, Fügen Sie das erste Tag hinzu!

MARC

LEADER 00000nam a2200000 4500
001 c001425
005 20221214095146.4
020 |a 80-04-26038-1 
041 0 |a cze 
044 |a CZ 
245 1 0 |a Úvod do filozofie  |c Arno Anzenbacher ; Karel Šprunk 
250 |a 2. vyd. 
264 1 |a Praha  |b Stát. ped. nakl.  |c 1991 
300 |a 304 s. 
610 2 0 |a filozofia 
100 1 |a Anzenbacher, Arno 
700 1 |a Šprunk, Karel